=LDR 00000nam 2200000 4500 =001 INLIS000000000035800 =005 20130612141629 =008 ***********************************Ind** =035 ##$$0010-061300000035800 =041 ##$$a Ind =082 ##$$a 372.7 =090 ##$$a 372.7, Khu p =100 ##$$a Khumaedi =245 ##$$a Pelajaran Matematika 4c dengan penekanan berhitung, M.Khumaedi,Arief Rahmad =260 ##$$a 2000 $b Surakarta =300 ##$$a 82 hlm., 30 cm =850 ##$$a NBPNMAT